[Event "SVK-chT3B2 1617"]
[Site "Slovakia"]
[Date "2017.03.19"]
[Round "10.1"]
[White "Adamik, Bohuslav"]
[Black "Pechacek, Dominik"]
[Result "0-1"]
[WhiteElo "1947"]
[BlackElo "1780"]
[PlyCount "68"]
[EventDate "2016.10.16"]
[EventType "team-tourn"]
[EventRounds "11"]
[EventCountry "SVK"]
[SourceTitle "EXT 2020"]
[Source "ChessBase"]
[SourceDate "2019.10.17"]
[SourceVersion "1"]
[SourceVersionDate "2019.10.17"]
[SourceQuality "1"]
[WhiteTeam "Lehota pod Vtacnikom"]
[BlackTeam "Dubnica nad Vahom IV"]
[WhiteTeamCountry "SVK"]
[BlackTeamCountry "SVK"]

1. d4 d5 2. Nf3 e6 3. e3 Bd6 4. b3 Nf6 5. Bb2 0-0 6. Bd3 Nc6 7. a3 b6 8. 0-0 a5 9. Nbd2 Ba6 10. Bxa6 Rxa6 11. Ne5 Bxe5 12. dxe5 Nd7 13. f4 Qe7 14. Nf3 Nc5 15. Nd4 Nxd4 16. exd4 Ne4 17. Qe2 Raa8 18. c4 c5 19. cxd5 exd5 20. Qd3 Rad8 21. Rf3 f5 22. Rd1 Qc7 23. dxc5 bxc5 24. Qc2 Qb6 25. Kh1 d4 26. Qc4+ Kh8 27. Qe2 Rfe8 28. h3 Nf6 29. Bc1 Ne4 30. Bd2 d3 31. Qf1 Qxb3 32. Bxa5 Rd7 33. g4 Ra8 34. Be1 Qxd1 0-1

[Event "SVK-ch U12"]
[Site "Liptovsky Mikulas"]
[Date "2016.04.23"]
[Round "9"]
[White "Gulas, Gabriel"]
[Black "Pechacek, Dominik"]
[Result "0-1"]
[WhiteElo "1334"]
[BlackElo "1311"]
[PlyCount "76"]
[EventDate "2016.04.16"]
[EventType "swiss"]
[EventRounds "9"]
[EventCountry "SVK"]
[SourceTitle "CBM 172 Extra"]
[Source "ChessBase"]
[SourceDate "2016.06.21"]
[SourceVersion "1"]
[SourceVersionDate "2016.06.21"]
[SourceQuality "1"]

1. e4 e5 2. Nf3 Nc6 3. d4 exd4 4. Bc4 Bb4+ 5. c3 dxc3 6. bxc3 Bd6 7. 0-0 Nge7 8. Nbd2 Ng6 9. Nb3 Nce5 10. Nxe5 Nxe5 11. Be2 0-0 12. f4 Ng6 13. Qd4 b6 14. e5 Be7 15. f5 Bc5 16. Nxc5 bxc5 17. Qe3 Ne7 18. f6 Ng6 19. fxg7 Re8 20. Rf5 d6 21. Rh5 Rxe5 22. Rxe5 Nxe5 23. Bd2 Be6 24. a3 Bc4 25. Rf1 Bxe2 26. Qxe2 Qd7 27. Qe4 Re8 28. Rf5 Qb5 29. Rh5 Ng6 30. Qf3 Qe2 31. Qxe2 Rxe2 32. Rd5 Nh4 33. Bf4 Rxg2+ 34. Kh1 Rxg7 35. Bg3 Rg4 36. Rd3 Nf5 37. Kg2 Nxg3 38. hxg3 Ra4 0-1

[Event "SVK-ch U12"]
[Site "Liptovsky Mikulas"]
[Date "2016.04.22"]
[Round "8"]
[White "Pechacek, Dominik"]
[Black "Gyerpal, Adrian"]
[Result "1/2-1/2"]
[WhiteElo "1311"]
[BlackElo "1673"]
[PlyCount "174"]
[EventDate "2016.04.16"]
[EventType "swiss"]
[EventRounds "9"]
[EventCountry "SVK"]
[SourceTitle "CBM 172 Extra"]
[Source "ChessBase"]
[SourceDate "2016.06.21"]
[SourceVersion "1"]
[SourceVersionDate "2016.06.21"]
[SourceQuality "1"]

1. e4 c5 2. Nf3 Nc6 3. d4 cxd4 4. Nxd4 g6 5. c3 Bg7 6. Be3 Nf6 7. Nd2 0-0 8. Be2 d5 9. Bf3 e5 10. Nxc6 bxc6 11. 0-0 Be6 12. Qa4 Qc7 13. exd5 cxd5 14. Rac1 Bd7 15. Qc2 Bg4 16. h3 Bxf3 17. Nxf3 Rfe8 18. Rfe1 Qc4 19. b3 Qa6 20. Qe2 Qd6 21. Red1 a6 22. Nd2 Qc6 23. Qf3 Qe6 24. Re1 Qd6 25. b4 Nd7 26. Nb3 e4 27. Qe2 Rac8 28. Bd4 Bxd4 29. cxd4 Qxb4 30. Qxa6 Ra8 31. Qe2 Nf6 32. Rc2 Nh5 33. g3 e3 34. Rec1 Qd6 35. Qf3 exf2+ 36. Kxf2 Qe6 37. Kg2 Ra3 38. g4 Nf6 39. Nc5 Rxf3 40. Nxe6 Re3 41. Nf4 g5 42. Nh5 Nxh5 43. gxh5 Kg7 44. Rf2 h6 45. Rc7 R8e7 46. Rxe7 Rxe7 47. Rf5 Re2+ 48. Kf3 Rxa2 49. Rxd5 Ra6 50. Kg4 Rf6 51. Rf5 Re6 52. Re5 Rd6 53. d5 f6 54. Rf5 Kf7 55. Kf3 Ke7 56. Ke4 Ra6 57. Kd4 Ra4+ 58. Kc5 Rf4 59. d6+ Kd7 60. Rd5 g4 61. hxg4 Rxg4 62. Rf5 Rg5 63. Rxg5 fxg5 64. Kd5 Ke8 65. Ke5 Kd7 66. Kd5 Kd8 67. Ke4 Ke8 68. Kf5 Kd7 69. Ke5 Ke8 70. Kf5 Kd8 71. Ke5 Kd7 72. Kd5 g4 73. Ke4 Kxd6 74. Kf4 g3 75. Kxg3 Ke5 76. Kg4 Ke4 77. Kg3 Kf5 78. Kf3 Kg5 79. Kg3 Kxh5 80. Kh3 Kg5 81. Kg3 h5 82. Kh3 h4 83. Kg2 Kg4 84. Kh2 h3 85. Kh1 Kh4 86. Kg1 Kg3 87. Kh1 h2 1/2-1/2

[Event "SVK-ch U12"]
[Site "Liptovsky Mikulas"]
[Date "2016.04.19"]
[Round "5"]
[White "Pechacek, Dominik"]
[Black "Brnusak, Tomas"]
[Result "1-0"]
[WhiteElo "1311"]
[BlackElo "1615"]
[PlyCount "85"]
[EventDate "2016.04.16"]
[EventType "swiss"]
[EventRounds "9"]
[EventCountry "SVK"]
[SourceTitle "CBM 172 Extra"]
[Source "ChessBase"]
[SourceDate "2016.06.21"]
[SourceVersion "1"]
[SourceVersionDate "2016.06.21"]
[SourceQuality "1"]

1. e4 c5 2. Nf3 a6 3. d4 cxd4 4. Nxd4 Nf6 5. Nc3 e5 6. Nf3 Nc6 7. Bg5 Bb4 8. Bd3 h6 9. Bd2 Bxc3 10. Bxc3 d6 11. 0-0 0-0 12. Re1 Nd7 13. Bc4 Nb6 14. Bb3 Qe7 15. Qd3 Be6 16. Rad1 Rad8 17. Qe3 Nd7 18. Rd2 Nc5 19. Bd5 Na4 20. Bxc6 bxc6 21. Ba5 Rd7 22. b3 Nc5 23. Bb4 Nb7 24. Nxe5 Rc7 25. Nf3 c5 26. Bc3 Re8 27. Rde2 Qf8 28. Qc1 Bg4 29. Qf4 Bh5 30. Re3 Rce7 31. Nh4 f6 32. Nf5 Rd7 33. Rg3 Kh7 34. Ne3 g5 35. Qf5+ Bg6 36. Qxd7+ Re7 37. Qh3 Rxe4 38. Nd5 Rxe1+ 39. Bxe1 f5 40. Bc3 Bf7 41. Nf6+ Kg6 42. Rxg5+ hxg5 43. Qh7# 1-0